| 000 | nam a22 7a 4500 | ||
|---|---|---|---|
| 999 |
_c128954 _d128954 |
||
| 008 | 190212b xxu||||| |||| 00| 0 eng d | ||
| 050 | _aBX3703.L674 | ||
| 100 |
_aLewis, Hedwig _944537 |
||
| 245 |
_aAll for the greater glory of God _cHedwig Lewis |
||
| 260 |
_aIndia _bGujarat Sahitya Prakash _c2006 |
||
| 300 |
_axii, 148p. ; _c21cm. |
||
| 650 |
_aJesuits _xSpiritual life _921179 |
||
| 942 |
_2lcc _cMONOGRAPH |
||